الفريد في المصطلحات الحديثة : قاموس عربي- إنجليزي / (رقم التسجيلة. 30564)

تفاصيل مارك
000 -LEADER
fixed length control field 00621nam a22001937a 4500
005 - DATE AND TIME OF LATEST TRANSACTION
control field 20251108165541.0
008 - FIXED-LENGTH DATA ELEMENTS--GENERAL INFORMATION
fixed length control field 250721s1997 xx 000 0 ara d
082 14 - DEWEY DECIMAL CLASSIFICATION NUMBER
Classification number م/413.2/قسط
100 1# - MAIN ENTRY--PERSONAL NAME
Personal name ثيودوري، قسطنطين
245 10 - TITLE STATEMENT
Title الفريد في المصطلحات الحديثة : قاموس عربي- إنجليزي /
250 ## - EDITION STATEMENT
Edition statement ط3
264 1# - PRODUCTION, PUBLICATION, DISTRIBUTION, MANUFACTURE, AND COPYRIGHT NOTICE
Place of production, publication, distribution, manufacture عمان :
Name of producer, publisher, distributor, manufacturer دار الفارس للنشر والتوزيع،
Date of production, publication, distribution, manufacture, or copyright notice 1997.
300 ## - PHYSICAL DESCRIPTION
Extent 415ص
650 17 - SUBJECT ADDED ENTRY--TOPICAL TERM
Topical term or geographic name as entry element اللغة العربية
650 17 - SUBJECT ADDED ENTRY--TOPICAL TERM
Topical term or geographic name as entry element القواميس
650 17 - SUBJECT ADDED ENTRY--TOPICAL TERM
Topical term or geographic name as entry element معاجم المصطلحات
942 ## - ADDED ENTRY ELEMENTS (KOHA)
Source of classification or shelving scheme Dewey Decimal Classification
Koha item type مراجع
المقتنيات
حالة السحب حالة الفقدان مصدر التصنيف حالة التلف غير قابل للإعارة المكتبة الرئيسية المكتبة الحالية موقع الرف تاريخ التزويد الرقم المتسلسل Total Checkouts رقم الإستدعاء الباركود تاريخ آخر ظهور تاريخ الفاتورة نوع المادة (كوها)
    Dewey Decimal Classification   Not For Loan المكتبة المركزية المكتبة المركزية مراجع 06/07/2004 254852   م/413.2/قسط 254852 28/07/2025 06/07/2004 مراجع
    Dewey Decimal Classification   Not For Loan مكتبة أبو علندا العامة مكتبة أبو علندا العامة مراجع 14/11/2015 (10)   م/413.2/قسط PLD00364552 28/07/2025 14/11/2015 مراجع
    Dewey Decimal Classification   Not For Loan مكتبة الاميرة بديعة مكتبة الاميرة بديعة مراجع 06/07/2004 6209   م/413.2/قسط DUP-01_6209 28/07/2025 06/07/2004 مراجع
    Dewey Decimal Classification   Not For Loan مكتبة صويلح العامة مكتبة صويلح العامة مراجع 12/10/2019 13109   م/413.2/قسط PLD00471422 28/07/2025 12/10/2019 مراجع
    Dewey Decimal Classification   Not For Loan مكتبة منتدى الرواد مكتبة منتدى الرواد مراجع 18/12/2017 1652199   م/413.2/قسط PLD00413718 28/07/2025 18/12/2017 مراجع
    Dewey Decimal Classification   Not For Loan مكتبة وادي السير العامة مكتبة وادي السير العامة مراجع 30/03/2016 [7063]..   م/413.2/قسط PLD00383450 28/07/2025 30/03/2016 مراجع
Implemented & Customized by: BBB with SCIT (Smart Chains for Information Technology)

Powered by Koha